Brawl Stars: Brawlywood Skins by Picture - Statistics

General Stats
  • This quiz has been taken 44 times
  • The average score is 6 of 8
Answer Stats
Picture Answer % Correct
Popcorn Rico
94%
Surge Kong
94%
Captain Crow
81%
Squeakbuster Gale
81%
B-800
74%
Dark Horse Berry
71%
Director Buzz
68%
Filmmaker Buzz
68%
No matching quizzes found
Score Distribution
Percent of People with Each Score
Percentile by Number Answered
Your Score History
You have not taken this quiz